Analýza vybraných makroekonomických ukazovateľov Eurozóny v čase ekonomickej krízy

Vývoj vybraných agregátnych ukazovateľov v krajinách Eurozóny. Vývoj cien ropy BRENT.

Na minha lista:
Detalhes bibliográficos
Autor principal: Novák, Marcel, 1979-
Formato: Capítulo de Livro
Idioma:eslovaco
Assuntos:
Tags: Adicionar Tag
Sem tags, seja o primeiro a adicionar uma tag!

MARC

LEADER 00000nla a2200000 4500
001 0163136
005 20240502072829.0
041 0 |a slo 
044 |a SK 
245 1 0 |a Analýza vybraných makroekonomických ukazovateľov Eurozóny v čase ekonomickej krízy  |c Marcel Novák 
520 |a Vývoj vybraných agregátnych ukazovateľov v krajinách Eurozóny. Vývoj cien ropy BRENT. 
610 2 0 |a ukazovatele makroekonomické 
610 2 0 |a eurozóna 
610 2 0 |a trh finančný 
610 2 0 |a kríza hospodárska 
610 2 0 |a produktivita práce 
610 2 0 |a rast hospodársky 
100 1 |a Novák, Marcel, 1979-